Marketing management : Analysis and planning

Marketing Management to be even easier for getting marketing fundamentals down fast. With interactive key terms, live web links and a search feature that looks in the book and the web, Framework on Inkling is a better way to study marketing.

Đã lưu trong:
书目详细资料
主要作者: Howard, John A.
格式: 图书
语言:Undetermined
出版: Homewood, Ill. R.D. Irwin 1963
主题:
标签: 添加标签
没有标签, 成为第一个标记此记录!
Thư viện lưu trữ: Trung tâm Học liệu Trường Đại học Cần Thơ
LEADER 00768nam a2200205Ia 4500
001 CTU_186057
008 210402s9999 xx 000 0 und d
082 |a 658.8 
082 |b H848 
100 |a Howard, John A. 
245 0 |a Marketing management : 
245 0 |b Analysis and planning 
245 0 |c John A. Howard 
260 |a Homewood, Ill. 
260 |b R.D. Irwin 
260 |c 1963 
520 |a Marketing Management to be even easier for getting marketing fundamentals down fast. With interactive key terms, live web links and a search feature that looks in the book and the web, Framework on Inkling is a better way to study marketing. 
650 |a Marketing,Tiếp thị 
910 |a Hải 
980 |a Trung tâm Học liệu Trường Đại học Cần Thơ